Alle Stationen der Linie S5 (NRW) - Statistiken

Allgemein
  • Dieses Quiz wurde 37 mal gespielt
  • Das Durchschnittsergebnis liegt bei 6 aus 8
Antwortstatistiken
Antwort % Korrekt
Dortmund Hbf
93%
Hagen Hbf
93%
Witten Hbf
93%
Wetter (Ruhr)
79%
Hagen Vorhalle
71%
Witten-Annen Nord
64%
Dortmund-Barop
50%
Dortmund-Kruckel
50%
Keine übereinstimmenden Quizze gefunden
Verteilung der Resultate
Anzahl Personen mit jedem Resultat
Perzentil nach korrekt beantworteten Fragen
Ihre Resultats-Entwicklung
Sie haben dieses Quiz noch nicht gespielt